00764cam a22002055i 450000100090000000300040000900500170001300800410003001000170007102000180008804000280010604200080013410000220014224500800016426300090024430000130025385601070026685600920037385600930046519201658OSt20170207102300.0160802s2016 nyu 000 0 eng  a 2016949560 a9783319412368 aDLCbengcDLCerdadDLC apcc aLal Rattan et all00aClimate change and multi-dimensional sustainability in African agriculture. a1609 apages cm423Contributor biographical informationuhttps://www.loc.gov/catdir/enhancements/fy1621/2016949560-b.html423Publisher descriptionuhttps://www.loc.gov/catdir/enhancements/fy1621/2016949560-d.html413Table of contents onlyuhttps://www.loc.gov/catdir/enhancements/fy1621/2016949560-t.html